000 01393cab a2200253 4500
001 ABS37000
008 090401t1986 xxu||||| |||| 00| 0 eng d
035 _a(Sirsi) u1448
041 _aeng
245 _aFocus on leisure
260 _c1986
350 _a0
490 _aEstates Gazette
_v280 (6306) 18 October 1986, 329-354 (14)
520 _aA feature on the leisure industry in Britain. 1. Leisure development - the heritage factor. Reports on the current boom and describes dockland projects in Wapping and Hull , giving details of how they are being funded. 329-333 (4) 2. New thinking on the cinema . Looks at the development of the multi-cinema complex. 338-339 (2) 3. High profile for the leisure sector. Analyses the reluctance of the financial institutions to invest directly in leisure projects. 343-344 (2) 4. Leisure and licensed trades. Reports on the hotel,public house and restaurant markets in the UK. 345-350 (4) 5. Lightwater Valley : farm , quarry and leisure. Describes how 125 acres of farmland in North Yorkshire , including a limestone quarry and a piggery was transformed into a leisure park and visitor farm.
650 _aHOTEL MARKET
650 _aINVESTMENT
650 _aLONDON
650 _aPUBLIC HOUSE MARKET
650 _aRESTAURANT MARKET
650 _aTOBACCO DOCK
690 _aPLANNING LAW AND PRACTICE
942 _n0
948 _c04/03/1997
999 _c805
_d805